000
00345nam a2200169Ia 4500
100
_a
Theraja/B.L
650
_a
Physics
942
_c
BK
366
_f
15
654
_a
modern physics
245
_a
Modern Physics
260
_b
S.Chand and Co.
_a
Mumbai
_c
2008
082
_a
539/THE
_b
THE
300
_a
326
546
_a
ENGLISH
999
_c
34612
_d
34612